| 000 | 00610nam a2200205Ia 4500 | ||
|---|---|---|---|
| 005 | 20230313142238.0 | ||
| 008 | 210716s1995 xx 000 0 und d | ||
| 020 | _a8170295939 | ||
| 040 | _cAIMIT LIBRARY | ||
| 041 | _aeng | ||
| 082 |
_a004.68 _21 _bPCLE |
||
| 245 | _aPC learning labs teaches netware / | ||
| 250 | _a1st ed. | ||
| 260 |
_aNew Delhi : _bBPB Publications , _c1995. |
||
| 300 |
_axxii,236p. ; _c23 cm. |
||
| 650 |
_aOrientation to netware _975226 |
||
| 650 |
_aUnderstanding the netware file system _975227 |
||
| 650 |
_aNetwork communication _975228 |
||
| 942 |
_2ddc _cBK _e1st _k004.68 PCLE |
||
| 999 |
_c183053 _d183053 |
||